000 00510nam a2200181Ia 4500
005 20250326123502.0
008 250326s9999 xx 000 0 und d
037 _aTextbook
040 _aFMSL
_beng
_cFMSL
041 _aeng
_2eng
084 _aXB P6
_qFMSL
100 _aJha P S
_9660456
245 0 _aTwilight of the nation state : globalisation, choas and war
_cJha P S
260 _aNew Delhi
_bNew Delhi, Vistaar
_c2006
300 _a370p
942 _cTB
_hXB P6
999 _c1269556
_d1269556